| 000 | 00818nmc a2200277 a 4500 | ||
|---|---|---|---|
| 003 | AR-Y00000XR | ||
| 005 | 20251128211633.0 | ||
| 008 | 297020s2005 ||||||||||||||000 | spa|| | ||
| 020 | _a968-16-7493-6 | ||
| 040 | _cAR-Y00000XR | ||
| 100 | 1 | _aPrieto, Carlos | |
| 245 | 1 | 0 |
_aCinco mil años de palabras _bcomentarios sobre el origen, evolución, muerte y resurrección de algunas lenguas |
| 250 | _a1ª ed. | ||
| 260 |
_aMéxico _aFCE _c2005 |
||
| 300 | 0 | _a274 p. | |
| 490 | 0 | _aSección de obras de lengua y estudios literarios | |
| 650 | 4 | _aESTUDIOS LINGUISTICOS | |
| 650 | 4 | _aDIALECTOS | |
| 650 | 4 | _aLENGUAS MUERTAS | |
| 650 | 4 | _aLENGUAJE | |
| 650 | 4 | _aLINGUISTICA DESCRIPTIVA | |
| 653 | 0 | _aFILOSOFIA DEL LENGUAJE | |
| 700 | 1 |
_aFuentes, Carlos _eprologuista |
|
| 942 | _cBK | ||
| 998 | _cme-solo cat | ||
| 999 |
_c20543 _d20543 |
||